Breaking Bad Characters by Screen Time - Statistics

General Stats
  • This quiz has been taken 754 times
  • The average score is 15 of 20
Answer Stats
Minutes
Character % Correct
1 360 Walter White
100%
747 Jesse Pinkman
99%
112 Gustavo Fring
97%
477 Skyler White
97%
339 Hank Schrader
94%
142 Walter White Jr.
91%
118 Saul Goodman
88%
181 Mike Ehrmantraut
87%
165 Marie Schrader
84%
30 Tuco Salamanca
84%
35 Hector Salamanca
73%
44 Brandon Mayhew "Badger"
65%
53 Todd Alquist
65%
33 Skinny Pete
62%
42 Jane Margolis
61%
84 Steven Gomez
58%
49 Lydia Rodarte-Quayle
51%
25 Gale Boetticher
39%
42 Holly White
38%
46 Ted Beneke
31%
No matching quizzes found
Score Distribution
Percent of People with Each Score
Percentile by Number Answered
Your Score History
You have not taken this quiz